Every Asian Country by Coastline - Statistics

General Stats
  • This quiz has been taken 39 times
    21 since last reset
  • The average score is 21 of 36
Answer Stats
Km Country % Correct
16,800 China
100%
52,500 Indonesia
100%
11,000 India
92%
15,500 Japan
92%
17,300 Philippines
92%
5,270 Malaysia
77%
6,330 Myanmar
77%
4,020 Saudi Arabia
77%
5,780 Vietnam
77%
2,660 Iran
69%
1,450 Pakistan
69%
4,860 South Korea
69%
2,540 Yemen
69%
3,150 Bangladesh
62%
2,290 Oman
62%
1,990 Sri Lanka
62%
3,870 Thailand
62%
5,850 Turkey
62%
795 Cambodia
54%
702 East Timor
54%
2,140 North Korea
54%
1,270 Taiwan
54%
483 Kuwait
46%
227 Lebanon
46%
519 Maldives
46%
136 Bahrain
38%
185 Brunei
38%
561 Cyprus
38%
91 Iraq
38%
220 Israel
38%
27 Jordan
38%
543 Qatar
38%
97 Singapore
38%
176 Syria
38%
1,250 United Arab Emirates
38%
308 Georgia
23%
No matching quizzes found
Score Distribution
Percent of People with Each Score
Percentile by Number Answered
Your Score History
You have not taken this quiz since the last reset